Dejiny kultúry

Na minha lista:
Detalhes bibliográficos
Autor principal: Lehotská, Darina
Autor Corporativo: Vysoká škola ekonomická v Bratislave
Formato: Livro
Idioma:eslovaco
Publicado em: Bratislava Edičné stredisko VŠE 1977
Assuntos:
Tags: Adicionar Tag
Sem tags, seja o primeiro a adicionar uma tag!

MARC

LEADER 00000nam$a2200000$$$4500
001 0000552
005 20240109104705.0
041 0 |a slo 
044 |a SK 
245 1 0 |a Dejiny kultúry  |c Darina Lehotská 
264 1 |a Bratislava  |b Edičné stredisko VŠE  |c 1977 
300 |a 160 s. 
610 2 0 |a kultúra 
100 1 |a Lehotská, Darina 
710 2 |a Vysoká škola ekonomická v Bratislave